000
00311nam a2200121Ia 4500
008
190216s9999||||xx |||||||||||||| ||und||
100
_a
Ravi Kalakota & Andrew B Whinston
245
0
_a
E-Business 2-O
260
_b
Pearson Education International
300
_a
520
650
_a
Computer Science
942
_c
BK
999
_c
8866
_d
8866